[Event "Runavik Open 2018"]
[Site "Runavik"]
[Date "2018.11.17"]
[Round "8"]
[White "Pinheiro Diamant, Jonatan"]
[Black "Berg, Margar M."]
[Result "1-0"]
[WhiteElo "1789"]
[BlackElo "1852"]
[Annotator "NA RC"]
[PlyCount "81"]
[EventDate "2018.11.12"]
[EventType "swiss"]
[EventCountry "FAI"]
[SourceTitle "playchess.com"]
[Source "ChessBase"]
[SourceQuality "1"]
[TimeControl "40/5400+30:900+30"]

{[%evp 38,80,7,32767,0,4,32767,32767,239,32767,32767,32767,178,147,136,-25,32767,32767,94,79,32767,32767,85,72,524,519,593,543,751,852,1344,2442,5018,0,0,0,839,1205,1453,754,1089,29972,29965,1845,5207]} 1. e4 {[%emt 0:00:00]} c5 {[%emt 0:00:00]} 2. Nf3 {[%emt 0:00:00]} d6 {[%emt 0:00:00]} 3. d4 {[%emt 0:00:00]} cxd4 {[%emt 0:00:01]} 4. Nxd4 {[%emt 0:00:00]} Nf6 {[%emt 0:00:10]} 5. Nc3 {[%emt 0:00:00]} a6 {[%emt 0:00:09]} 6. Be2 {[%emt 0:00:00]} e5 {[%emt 0:00:49]} 7. Nb3 {[%emt 0:00:03]} Be6 {[%emt 0:00:18]} 8. Be3 {[%emt 0:00:08]} Nbd7 {[%emt 0:00:30]} 9. O-O {[%emt 0:05:48]} Rc8 {[%emt 0:01:07] B92: Sicilian Najdorf: 6 Be2} (9... Be7 10. Qd2 O-O 11. a4 Nc5 12. Nxc5 dxc5 13. Qxd8 Rfxd8 14. f3 c4 15. Kf2 Rac8 16. a5 Kf8 17. Na4 Nd7 18. Rfd1 Bb4 19. Nc3 Bc5 20. Ra4 Bxe3+ 21. Kxe3 {1-0 (49) Leko,P (2755)-Anand,V (2801) Moscow 2007}) 10. f4 {[%emt 0:03:13]} b5 {[%emt 0:05:09]} 11. f5 {[%emt 0:02:56]} Bc4 {[%emt 0:01:30]} 12. Nd2 $146 {[%emt 0:11:16]} ({Predecessor:} 12. Bd3 Qc7 13. a3 Be7 14. Qf3 O-O 15. Rad1 Rfd8 16. g4 Kh8 17. g5 Ng8 18. Bxc4 bxc4 {1-0 (48) Malanova,A (1892)-Shagdyrov,V Ulan Ude 2012}) 12... Nb6 {[%emt 0:08:05]} 13. g4 {[%emt 0:04:01]} h6 {[%emt 0:02:47]} 14. Bd3 {[%emt 0:09:03]} d5 {[%emt 0:02:52]} 15. g5 {[%emt 0:11:17]} d4 {[%emt 0:07:29]} 16. gxf6 {[%emt 0:01:39]} dxe3 {[%emt 0:01:19]} 17. Nxc4 {[%emt 0:10:26]} bxc4 {[%emt 0:05:35]} 18. fxg7 {[%emt 0:07:12]} Rg8 {[%emt 0:03:32]} 19. Kh1 {[%emt 0:04:14]} Rxg7 {[%emt 0:01:16]} 20. f6 {[%emt 0:06:26]} Rg5 {[%emt 0:01:34]} (20... Rg6 $5 21. Be2 $8 Bc5 $11) 21. Be2 {[%emt 0:00:31]} Qd4 {[%emt 0:00:54]} 22. Qe1 {[%emt 0:02:04]} Nd7 $2 {[%emt 0:15:31]} (22... Qd2 $14) 23. Rb1 {[%emt 0:09:39]} Qd6 {[%emt 0:12:17]} 24. Nd5 {[%emt 0:01:14]} Nc5 {[%emt 0:01:20]} 25. Nxe3 {[%emt 0:01:09]} Nxe4 {[%emt 0:00:41]} 26. Nf5 $2 {[%emt 0:02:38]} (26. Rd1 $16 Qe6 27. Qh4 Nxf6 28. Bxc4 Qc6+ 29. Nd5) 26... Qxf6 {[%emt 0:16:44]} 27. Bf3 {[%emt 0:00:32]} Rxf5 {[%emt 0:04:53]} 28. Qxe4 {[%emt 0:00:03]} Rf4 {[%emt 0:01:17]} 29. Qb7 {[%emt 0:00:32]} Qe6 {[%emt 0:00:43]} 30. Rbe1 {[%emt 0:00:41]} Be7 $2 {[%emt 0:01:46] [#]} (30... Bc5 $16 {is tougher.}) 31. Rxe5 $1 {[%emt 0:01:17]} Qd7 {[%emt 0:03:37]} 32. Qxa6 {[%emt 0:04:35]} f6 {[%emt 0:01:16]} (32... Rxf3 $142 33. Rxf3 Qc6 34. Qxc6+ Rxc6) 33. Bh5+ {[%emt 0:01:16] Discovered Attack (Double check)} Kd8 {[%emt 0:00:36]} 34. Qa5+ {[%emt 0:01:57]} Rc7 {[%emt 0:00:35]} 35. Qa8+ {[%emt 0:00:26]} Rc8 {[%emt 0:00:09]} 36. Qa5+ {[%emt 0:00:17]} Rc7 {[%emt 0:00:15]} 37. Rxf4 {[%emt 0:00:55]} fxe5 {[%emt 0:00:16]} 38. Qxe5 {[%emt 0:00:46]} Rc5 {[%emt 0:01:13]} 39. Qb8+ {[%emt 0:00:24]} Rc8 {[%emt 0:00:33]} 40. Qb6+ {[%emt 0:00:00] Double Attack} Qc7 $18 {[%emt 0:00:00]} 41. Rd4+ {[%emt 0:01:28]} 1-0

[Event "Runavik Open 2018"]
[Site "Runavik"]
[Date "2018.11.17"]
[Round "8"]
[White "Olsen, Kaj"]
[Black "Jacobsen, Markus"]
[Result "1-0"]
[WhiteElo "1718"]
[BlackElo "1076"]
[Annotator "NA"]
[PlyCount "71"]
[EventDate "2018.11.12"]
[EventType "swiss"]
[EventCountry "FAI"]
[SourceTitle "playchess.com"]
[Source "ChessBase"]
[SourceQuality "1"]
[TimeControl "40/5400+30:900+30"]

1. e4 {[%emt 0:00:00]} e6 {[%emt 0:00:00]} 2. d4 {[%emt 0:00:03]} d5 {[%emt 0:00:13]} 3. Nc3 {[%emt 0:00:11]} c5 {[%emt 0:00:26]} 4. e5 {[%emt 0:00:23]} Nc6 {[%emt 0:00:33]} 5. Be3 {[%emt 0:00:40]} c4 {[%emt 0:04:14]} 6. f4 {[%emt 0:02:23]} Bb4 {[%emt 0:02:18]} 7. a3 {[%emt 0:00:54]} Ba5 {[%emt 0:01:14]} 8. Nf3 {[%emt 0:01:41]} Nge7 {[%emt 0:01:55]} 9. Be2 {[%emt 0:01:06]} O-O {[%emt 0:01:08]} 10. O-O {[%emt 0:04:33]} Nf5 {[%emt 0:02:25]} 11. Qd2 {[%emt 0:02:08]} f6 {[%emt 0:01:52]} 12. b3 {[%emt 0:01:33]} cxb3 {[%emt 0:05:39]} 13. cxb3 {[%emt 0:00:28]} Nce7 {[%emt 0:02:24]} 14. Bf2 {[%emt 0:04:18]} fxe5 {[%emt 0:05:00]} 15. dxe5 {[%emt 0:05:24]} Ng6 {[%emt 0:01:48]} 16. g3 {[%emt 0:01:15]} Qd7 {[%emt 0:01:32]} 17. b4 {[%emt 0:00:58]} Bb6 {[%emt 0:01:09]} 18. Bxb6 {[%emt 0:00:14]} axb6 {[%emt 0:00:13]} 19. Nd4 {[%emt 0:00:27]} Nge7 {[%emt 0:01:45]} 20. Bg4 {[%emt 0:03:16]} g6 {[%emt 0:02:36]} 21. Qd3 {[%emt 0:02:20]} h5 {[%emt 0:01:45]} 22. Bxf5 {[%emt 0:00:47]} exf5 {[%emt 0:00:48]} 23. Ndb5 {[%emt 0:01:44]} Kh8 {[%emt 0:03:33]} 24. Qd4 {[%emt 0:00:47]} Kh7 {[%emt 0:03:03]} 25. Qxb6 {[%emt 0:01:56]} Rg8 {[%emt 0:01:52]} 26. Qd6 {[%emt 0:00:39]} g5 {[%emt 0:01:31]} 27. Qxd7 {[%emt 0:02:07]} Bxd7 {[%emt 0:00:15]} 28. Nc7 {[%emt 0:00:28]} Rad8 {[%emt 0:00:50]} 29. N7xd5 {[%emt 0:00:17]} Nxd5 {[%emt 0:00:21]} 30. Nxd5 {[%emt 0:00:08]} Bb5 {[%emt 0:00:35]} 31. Rfd1 {[%emt 0:00:46]} Kh6 {[%emt 0:02:10]} 32. Nf6 {[%emt 0:01:39]} Rxd1+ {[%emt 0:00:41]} 33. Rxd1 {[%emt 0:01:03]} Rg6 {[%emt 0:01:32]} 34. Kf2 {[%emt 0:00:59]} gxf4 {[%emt 0:01:16]} 35. gxf4 {[%emt 0:00:25]} Bc6 {[%emt 0:00:52]} 36. Rg1 {[%emt 0:00:27]} 1-0

[Event "Runavik Open 2018"]
[Site "Runavik"]
[Date "2018.11.17"]
[Round "8"]
[White "Nielsen, Jon I Horni"]
[Black "Apol, Luitjen Akselsson"]
[Result "1/2-1/2"]
[WhiteElo "1710"]
[BlackElo "1735"]
[Annotator "NA RC"]
[PlyCount "126"]
[EventDate "2018.11.12"]
[EventType "swiss"]
[EventCountry "FAI"]
[SourceTitle "playchess.com"]
[Source "ChessBase"]
[SourceQuality "1"]
[TimeControl "40/5400+30:900+30"]

1. e4 {[%emt 0:00:00]} c5 {[%emt 0:00:00]} 2. Nf3 {[%emt 0:00:35]} d6 {[%emt 0:00:18]} 3. d4 {[%emt 0:02:02]} cxd4 {[%emt 0:00:29]} 4. Nxd4 {[%emt 0:01:19]} Nf6 {[%emt 0:00:31]} 5. Nc3 {[%emt 0:00:42]} a6 {[%emt 0:00:48]} 6. Be3 {[%emt 0:01:07]} e5 {[%emt 0:00:58]} 7. Nb3 {[%emt 0:02:28]} Be6 {[%emt 0:00:46]} 8. f3 {[%emt 0:00:50]} b5 {[%emt 0:00:32]} 9. Qd2 {[%emt 0:01:39]} Nbd7 {[%emt 0:00:40]} 10. O-O-O {[%emt 0:01:27]} Nb6 {[%emt 0:00:59]} 11. Kb1 {[%emt 0:00:19]} Be7 {[%emt 0:01:31]} 12. g4 {[%emt 0:01:58]} Rc8 {[%emt 0:05:51]} 13. h4 {[%emt 0:03:19]} Nfd7 {[%emt 0:03:34]} 14. g5 {[%emt 0:02:24]} O-O {[%emt 0:04:19]} 15. Be2 {[%emt 0:02:32]} f5 {[%emt 0:09:15]} 16. gxf6 {[%emt 0:04:46]} Nxf6 {[%emt 0:00:18]} 17. Rdg1 {[%emt 0:01:41]} d5 {[%emt 0:11:16]} 18. Bxb6 {[%emt 0:01:34]} Qxb6 {[%emt 0:00:37]} 19. exd5 {[%emt 0:00:10]} Bd7 {[%emt 0:07:30]} 20. h5 {[%emt 0:03:33]} Nxh5 {[%emt 0:09:08]} 21. Bd3 {[%emt 0:07:54]} Be8 {[%emt 0:07:38]} 22. Qg2 {[%emt 0:02:46]} Bf6 {[%emt 0:00:58]} 23. Qg4 {[%emt 0:03:10]} Rc7 {[%emt 0:05:46]} 24. Rg2 {[%emt 0:02:04]} Qd6 {[%emt 0:09:42]} 25. Rxh5 {[%emt 0:04:03]} Bxh5 {[%emt 0:00:11]} 26. Qxh5 {[%emt 0:00:06]} g6 {[%emt 0:00:15]} 27. a3 {[%emt 0:05:24]} Bg7 {[%emt 0:02:13]} 28. Qg4 {[%emt 0:01:48]} Rf4 {[%emt 0:01:11]} 29. Qh3 {[%emt 0:02:17]} Qe7 {[%emt 0:11:20]} 30. Be4 {[%emt 0:01:39]} Qh4 {[%emt 0:04:13]} 31. Qxh4 {[%emt 0:01:06]} Rxh4 {[%emt 0:00:00]} 32. Rd2 {[%emt 0:00:16]} Bf8 {[%emt 0:00:32]} 33. d6 {[%emt 0:04:04]} Rd7 {[%emt 0:00:11]} 34. Nc5 {[%emt 0:00:10]} Rxd6 {[%emt 0:00:33]} 35. Rxd6 {[%emt 0:00:02]} Bxd6 {[%emt 0:00:01]} 36. Nxa6 {[%emt 0:00:16]} b4 {[%emt 0:00:41]} 37. axb4 {[%emt 0:00:15]} g5 {[%emt 0:00:30]} 38. Nd5 {[%emt 0:00:14]} h5 {[%emt 0:01:26]} 39. c4 {[%emt 0:00:28]} g4 {[%emt 0:01:09]} 40. fxg4 {[%emt 0:00:00]} hxg4 {[%emt 0:00:00]} 41. Ne3 {[%emt 0:02:41]} g3 {[%emt 0:01:07]} 42. Bd5+ {[%emt 0:00:06]} Kf8 {[%emt 0:00:48]} 43. Nf5 {[%emt 0:00:02]} Rg4 {[%emt 0:00:19]} 44. Nxd6 {[%emt 0:00:13]} e4 {[%emt 0:00:32]} 45. Bxe4 {[%emt 0:01:54]} Rxe4 {[%emt 0:00:08]} 46. Nxe4 {[%emt 0:00:05]} g2 {[%emt 0:00:07]} 47. Ka2 {[%emt 0:01:27]} g1=Q {[%emt 0:01:30]} 48. Nac5 {[%emt 0:01:16]} Qe3 {[%emt 0:04:46]} 49. b3 {[%emt 0:00:27]} Qe1 {[%emt 0:01:02]} 50. b5 {[%emt 0:00:26]} Qb4 {[%emt 0:01:32]} 51. Na4 {[%emt 0:00:52]} Ke7 {[%emt 0:08:10]} 52. b6 {[%emt 0:00:29]} Ke6 {[%emt 0:02:17]} 53. b7 {[%emt 0:00:31]} Kd7 {[%emt 0:00:33]} 54. Nac5+ {[%emt 0:00:09]} Kc6 {[%emt 0:00:31]} 55. Kb2 {[%emt 0:00:24]} Qb6 {[%emt 0:00:23]} 56. Kc3 {[%emt 0:01:05]} Qa5+ {[%emt 0:00:16]} 57. Kb2 {[%emt 0:01:17]} Qb6 {[%emt 0:00:17]} 58. Nf6 {[%emt 0:00:31]} Qc7 {[%emt 0:01:16]} 59. Nfd7 {[%emt 0:00:12]} Qh2+ {[%emt 0:00:29]} 60. Ka3 {[%emt 0:00:06]} Qh8 {[%emt 0:00:34]} 61. b8=Q {[%emt 0:00:09]} Qa1+ {[%emt 0:00:13]} 62. Kb4 {[%emt 0:01:19]} Qe1+ {[%emt 0:00:11]} 63. Ka4 {[%emt 0:00:15]} Qe6 1/2-1/2

[Event "Runavik Open 2018"]
[Site "Runavik"]
[Date "2018.11.17"]
[Round "8"]
[White "Markensten, Max"]
[Black "Miezis, Normunds"]
[Result "0-1"]
[WhiteElo "1660"]
[BlackElo "2477"]
[Annotator "TA"]
[PlyCount "62"]
[EventDate "2018.11.12"]
[EventType "swiss"]
[EventCountry "FAI"]
[SourceTitle "playchess.com"]
[Source "ChessBase"]
[SourceQuality "1"]

{[%evp 9,62,41,35,23,45,27,27,23,34,25,35,35,56,44,40,46,66,51,83,-31,-28,-34,-34,-55,-52,-81,-63,-62,-35,-118,-114,-113,-112,-127,-120,-126,-113,-127,-114,-125,-123,-135,-135,-137,-137,-135,-137,-331,-295,-293,-294,-305,-304,-300,-259]} 1. c4 c5 2. Nf3 Nc6 3. d4 cxd4 4. Nxd4 f5 5. Nc3 g6 6. e3 {A30: Symmetrical English: Double Fianchetto and Hedgehog} Bg7 7. Be2 Nf6 8. O-O {White has an edge.} O-O 9. b3 d6 10. Bb2 Ne5 $146 ({Predecessor:} 10... Bd7 11. Bf3 Rb8 12. Nd5 Ne8 {0-1 (36) Schmidt,R (2356)-Miezis,N (2564) Wunsiedel 2014}) 11. Rc1 Bd7 12. Nd5 Nxd5 13. cxd5 Qa5 14. Qc2 ({Better is} 14. Bc3 $16 Qb6 15. Qd2) 14... Rac8 ({Don't play} 14... Qxd5 $6 15. f4 $14) 15. Qb1 Qxd5 16. Nf3 Qa5 17. Qa1 Bf6 18. Nxe5 Bxe5 (18... dxe5 {feels hotter.} 19. Bc4+ Kg7 20. Rfd1 Bc6 21. a3 Qc7) 19. Bxe5 (19. Bc4+ $15 Kg7 20. Bd4) 19... Qxe5 $17 ({Reject} 19... dxe5 $6 20. Bc4+ Kg7 21. Rfd1 $11) 20. Qxe5 dxe5 {[%cal Bd6e5,Be5e4][%mdl 32]} 21. Bc4+ Kg7 22. Rfd1 Bc6 23. f3 Kf6 24. Kf2 Rfd8 25. Ke2 e4 26. Rxd8 Rxd8 {KRB-KRB} 27. f4 b5 28. Bg8 $2 (28. Be6 $17 Kxe6 29. Rxc6+ Rd6 30. Rc7) 28... Ba8 {Black has a decisive advantage.} ({Less strong is} 28... Rxg8 29. Rxc6+ e6 30. Rc5 $15) 29. Bxh7 Rh8 {[%mdl 64] [#] Trapped Piece} 30. Bxg6 Kxg6 31. h3 Kf6 {Accuracy: White = 45%, Black = 62%.} 0-1

[Event "Runavik Open 2018"]
[Site "Runavik"]
[Date "2018.11.17"]
[Round "8"]
[White "Tummasarson, Flovin M."]
[Black "Nielsen, Suni I Horni"]
[Result "1-0"]
[WhiteElo "1378"]
[BlackElo "1563"]
[Annotator "NA"]
[PlyCount "111"]
[EventDate "2018.11.12"]
[EventType "swiss"]
[EventCountry "FAI"]
[SourceTitle "playchess.com"]
[Source "ChessBase"]
[SourceQuality "1"]
[TimeControl "40/5400+30:900+30"]

1. e4 {[%emt 0:00:00]} e5 {[%emt 0:00:00]} 2. Nf3 {[%emt 0:00:00]} Nc6 {[%emt 0:00:18]} 3. Bc4 {[%emt 0:00:13]} Bc5 {[%emt 0:01:53]} 4. d3 {[%emt 0:02:29]} h6 {[%emt 0:01:02]} 5. Nc3 {[%emt 0:01:08]} d6 {[%emt 0:00:51]} 6. Be3 {[%emt 0:00:25]} Bb6 {[%emt 0:00:05]} 7. Qd2 {[%emt 0:00:48]} Nf6 {[%emt 0:00:15]} 8. h3 {[%emt 0:00:58]} Be6 {[%emt 0:01:33]} 9. Bxe6 {[%emt 0:00:15]} fxe6 {[%emt 0:00:10]} 10. O-O-O {[%emt 0:00:28]} d5 {[%emt 0:00:44]} 11. Bxb6 {[%emt 0:02:28]} axb6 {[%emt 0:00:05]} 12. Kb1 {[%emt 0:00:27]} d4 {[%emt 0:00:58]} 13. Ne2 {[%emt 0:02:46]} Qd6 {[%emt 0:01:26]} 14. g4 {[%emt 0:01:55]} Ra5 {[%emt 0:05:38]} 15. g5 {[%emt 0:01:37]} hxg5 {[%emt 0:00:17]} 16. Qxg5 {[%emt 0:00:14]} Qe7 {[%emt 0:00:15]} 17. Rdg1 {[%emt 0:04:31]} Rg8 {[%emt 0:00:30]} 18. Rg3 {[%emt 0:00:30]} Qc5 {[%emt 0:00:30]} 19. Nc1 {[%emt 0:00:30]} Nb4 {[%emt 0:00:30]} 20. Qd2 {[%emt 0:00:30]} Qb5 {[%emt 0:00:30]} 21. Rg5 Nd7 {[%emt 0:11:10]} 22. Nxd4 {[%emt 0:08:11]} Qa4 {[%emt 0:00:30]} 23. Ndb3 {[%emt 0:03:10]} Ra6 {[%emt 0:00:29]} 24. a3 {[%emt 0:01:11]} Nc6 {[%emt 0:00:51]} 25. f4 {[%emt 0:03:23]} Nd4 {[%emt 0:00:42]} 26. Nxd4 {[%emt 0:04:43]} Qxd4 {[%emt 0:00:10]} 27. Nb3 {[%emt 0:00:31]} Qd6 {[%emt 0:00:33]} 28. Rhg1 {[%emt 0:00:57]} exf4 {[%emt 0:00:52]} 29. Rxg7 {[%emt 0:00:16]} Rxg7 {[%emt 0:00:04]} 30. Rxg7 {[%emt 0:00:10]} Qe5 {[%emt 0:02:39]} 31. Rg4 {[%emt 0:01:00]} f3 {[%emt 0:02:40]} 32. Qf4 {[%emt 0:00:33]} Qxf4 {[%emt 0:00:24]} 33. Rxf4 {[%emt 0:00:05]} e5 {[%emt 0:00:06]} 34. Rxf3 {[%emt 0:00:06]} b5 {[%emt 0:00:08]} 35. Rf5 {[%emt 0:01:23]} Re6 {[%emt 0:00:53]} 36. Nd2 {[%emt 0:00:57]} Ke7 {[%emt 0:00:58]} 37. h4 {[%emt 0:06:54]} Rh6 {[%emt 0:00:18]} 38. Nf3 {[%emt 0:02:10]} Kd6 {[%emt 0:00:19]} 39. Ka2 {[%emt 0:02:39]} c5 {[%emt 0:00:36]} 40. b4 {[%emt 0:00:00]} b6 {[%emt 0:00:00]} 41. Kb3 {[%emt 0:04:30]} Rh7 {[%emt 0:03:18]} 42. h5 {[%emt 0:00:49]} Rh6 {[%emt 0:00:38]} 43. Rg5 {[%emt 0:01:31]} Nf8 {[%emt 0:03:31]} 44. Nxe5 {[%emt 0:01:07]} Ke6 {[%emt 0:00:16]} 45. Ng4 {[%emt 0:00:49]} Rh7 {[%emt 0:00:19]} 46. bxc5 {[%emt 0:01:22]} bxc5 {[%emt 0:00:10]} 47. c4 {[%emt 0:04:10]} Rb7 {[%emt 0:00:19]} 48. Rxc5 {[%emt 0:00:41]} bxc4+ {[%emt 0:00:15]} 49. Kxc4 {[%emt 0:00:08]} Nd7 {[%emt 0:00:16]} 50. Rb5 {[%emt 0:00:52]} Rc7+ {[%emt 0:00:10]} 51. Kb3 {[%emt 0:01:06]} Nc5+ {[%emt 0:00:17]} 52. Kc4 {[%emt 0:02:48]} Nxe4+ {[%emt 0:00:15]} 53. Kd4 {[%emt 0:00:08]} Ng3 {[%emt 0:00:40]} 54. Rb6+ {[%emt 0:01:46]} Kf7 {[%emt 0:00:22]} 55. Ne5+ {[%emt 0:01:29]} Kg7 {[%emt 0:00:11]} 56. Rg6+ {[%emt 0:00:07]} 1-0

[Event "Runavik Open 2018"]
[Site "Runavik"]
[Date "2018.11.17"]
[Round "8"]
[White "Fjallheim, Benjamin Reinert"]
[Black "Skaale, Janus"]
[Result "0-1"]
[WhiteElo "1340"]
[BlackElo "1839"]
[Annotator "NA"]
[PlyCount "38"]
[EventDate "2018.11.12"]
[EventType "swiss"]
[EventCountry "FAI"]
[SourceTitle "playchess.com"]
[Source "ChessBase"]
[SourceQuality "1"]
[TimeControl "40/5400+30:900+30"]

1. e4 {[%emt 0:00:00]} c5 {[%emt 0:00:00]} 2. Nf3 {[%emt 0:00:06]} d6 {[%emt 0:00:00]} 3. d4 {[%emt 0:00:06]} cxd4 {[%emt 0:00:00]} 4. Nxd4 {[%emt 0:00:07]} Nf6 {[%emt 0:00:19]} 5. Nc3 {[%emt 0:00:11]} g6 {[%emt 0:00:11]} 6. f3 {[%emt 0:00:40]} Bg7 {[%emt 0:00:25]} 7. Be3 {[%emt 0:00:15]} Nc6 {[%emt 0:00:08]} 8. Qd2 {[%emt 0:00:34]} O-O {[%emt 0:07:54]} 9. O-O-O {[%emt 0:01:51]} d5 {[%emt 0:09:18]} 10. Nxc6 {[%emt 0:08:37]} bxc6 {[%emt 0:00:17]} 11. Bh6 {[%emt 0:00:37]} Bxh6 {[%emt 0:02:51]} 12. Qxh6 {[%emt 0:07:59]} Qa5 {[%emt 0:00:39]} 13. exd5 {[%emt 0:05:09]} cxd5 {[%emt 0:00:29]} 14. h4 {[%emt 0:04:35]} Rd8 {[%emt 0:09:29]} 15. Kb1 {[%emt 0:03:14]} Be6 {[%emt 0:02:54]} 16. Rd4 {[%emt 0:00:41]} Rdc8 {[%emt 0:04:19]} 17. Qe3 {[%emt 0:05:11]} Rab8 {[%emt 0:02:03]} 18. Ka1 {[%emt 0:03:14]} Bf5 {[%emt 0:11:07]} 19. Ra4 {[%emt 0:23:19]} Rxc3 {[%emt 0:01:29]} 0-1

[Event "Runavik Open 2018"]
[Site "Runavik"]
[Date "2018.11.17"]
[Round "8"]
[White "Petersen, Elias"]
[Black "Fjallheim, Leif Reinert"]
[Result "0-1"]
[WhiteElo "1045"]
[BlackElo "1919"]
[Annotator "NA"]
[PlyCount "34"]
[EventDate "2018.11.12"]
[EventType "swiss"]
[EventCountry "FAI"]
[SourceTitle "playchess.com"]
[Source "ChessBase"]
[SourceQuality "1"]
[TimeControl "40/5400+30:900+30"]

1. e4 {[%emt 0:00:00]} e5 {[%emt 0:00:00]} 2. Nf3 {[%emt 0:00:00]} Nc6 {[%emt 0:00:00]} 3. Bc4 {[%emt 0:00:46]} Bc5 {[%emt 0:00:04]} 4. O-O {[%emt 0:00:22]} d6 {[%emt 0:00:34]} 5. h3 {[%emt 0:01:06]} Nf6 {[%emt 0:00:41]} 6. d3 {[%emt 0:02:09]} h6 {[%emt 0:00:21]} 7. a3 {[%emt 0:01:17]} g5 {[%emt 0:01:28]} 8. Kh2 {[%emt 0:01:40]} g4 {[%emt 0:01:44]} 9. Ne1 {[%emt 0:01:01]} gxh3 {[%emt 0:12:34]} 10. gxh3 {[%emt 0:08:51]} Ng4+ {[%emt 0:04:50]} 11. hxg4 {[%emt 0:01:27]} Qh4+ {[%emt 0:00:17]} 12. Kg1 {[%emt 0:00:16]} Qg3+ {[%emt 0:03:44]} 13. Kh1 {[%emt 0:00:14]} Qh3+ {[%emt 0:00:10]} 14. Kg1 {[%emt 0:00:21]} Bxg4 {[%emt 0:00:29]} 15. Qd2 {[%emt 0:00:45]} Qg3+ {[%emt 0:05:08]} 16. Ng2 {[%emt 0:00:37]} Bf3 {[%emt 0:00:41]} 17. a4 {[%emt 0:01:32]} Qxg2# {[%emt 0:00:17]} 0-1

[Event "Runavik Open 2018"]
[Site "Runavik"]
[Date "2018.11.18"]
[Round "9"]
[White "Malakhatko, Vadim"]
[Black "Sivuk, Vitaly"]
[Result "1-0"]
[WhiteElo "2545"]
[BlackElo "2551"]
[Annotator "TA"]
[PlyCount "93"]
[EventDate "2018.11.12"]
[EventType "swiss"]
[EventCountry "FAI"]
[SourceTitle "playchess.com"]
[Source "ChessBase"]
[SourceQuality "1"]

{[%evp 24,93,16,13,80,80,71,25,45,33,38,0,11,10,0,-23,-17,-25,0,0,0,0,0,-18,-26,-26,-26,-20,-27,-14,0,0,0,0,0,0,25,25,25,29,33,32,25,31,24,24,532,532,625,605,889,819,905,904,880,349,862,866,967,907,1518,1539,1313,1100,865,471,1872,1746,4930,4858,4930,4922]} 1. d4 Nf6 2. c4 g6 3. Nc3 Bg7 4. e4 O-O 5. Bd3 Nc6 6. Nge2 e5 7. d5 Nd4 8. Nxd4 exd4 9. Ne2 Re8 10. f3 c5 11. O-O d6 12. Bg5 {[%cal Bc1g5,Bg5h4,Bh4f2][%mdl 32]} h6 13. Bh4 b5 {E70: King's Indian: Miscellaneous lines with 4 e4, including 5 Nge2 and 5 Bd3 0-0 6 Nge2} (13... g5 $11 14. Bf2 b6) (13... a5 14. h3 Qc7 15. Qd2 Qe7 16. Qc2 g5 17. Bg3 Nh5 18. Bh2 Be5 19. f4 gxf4 20. Nxf4 Ng7 21. Rf3 {½-½ (69) Prohaszka,P (2501)-Vajda,L (2519) Szentgotthard 2010}) 14. cxb5 $16 Qb6 $146 ({Predecessor:} 14... a6 15. Rb1 axb5 16. Bxb5 Re7 17. b4 Rxa2 18. Nc1 Ra3 19. bxc5 dxc5 20. Nd3 g5 21. Be1 {1-0 (48) Steadman,M (2273)-Van Delft,M (2397) Queenstown 2009}) 15. Bf2 a6 {White has an edge.} 16. a4 {Threatens to win with a5.} axb5 17. axb5 Rxa1 $1 18. Qxa1 Nd7 $1 {[%cal Rd7e5]} 19. f4 Nf6 20. Qb1 Qb7 21. Rc1 Bd7 22. b4 c4 $1 {[%cal Rc4d3]} 23. Rxc4 Bxb5 24. Rxd4 Ng4 25. Bxb5 Qxb5 26. Rd2 Qc4 27. e5 dxe5 28. d6 Nxf2 29. Kxf2 exf4 30. d7 Rd8 31. b5 $36 {[%mdl 2048] White is pushing.} Be5 32. Qd3 Qxd3 33. Rxd3 $14 {[%mdl 4096] [#] Endgame aiming for Rd5. KRB-KRN} Kf8 34. Rd5 Bc7 $2 {[%mdl 8192]} (34... f6 $1 $11 {and Black stays safe.}) 35. Nd4 $18 Ra8 36. Nc6 Ra2+ 37. Kf1 Rb2 38. d8=Q+ Bxd8 39. Rxd8+ {KRN-KR} Kg7 40. Rb8 {White is clearly winning.} g5 41. b6 {[%cal Bb5b6,Bb6b7][%mdl 32]} g4 42. b7 Rb1+ 43. Ke2 Rb2+ 44. Kd3 Kf6 (44... f3 $142 45. gxf3 gxf3) 45. Ke4 g3 46. hxg3 fxg3 47. Kf4 {Accuracy: White = 79%, Black = 47%.} 1-0

[Event "Runavik Open 2018"]
[Site "Runavik"]
[Date "2018.11.18"]
[Round "9"]
[White "Maiorov, Nikita"]
[Black "Nielsen, Hogni Egilstoft"]
[Result "1/2-1/2"]
[WhiteElo "2510"]
[BlackElo "2400"]
[Annotator "TA"]
[PlyCount "91"]
[EventDate "2018.11.12"]
[EventType "swiss"]
[EventCountry "FAI"]
[SourceTitle "playchess.com"]
[Source "ChessBase"]
[SourceQuality "1"]

{[%evp 11,91,1,10,9,7,0,14,0,0,0,0,0,11,6,10,4,0,0,12,18,19,18,68,54,67,-20,-10,-38,-28,-56,-59,-69,-62,-68,-56,-35,83,0,-13,-6,-4,-16,0,0,0,0,0,-54,0,0,0,-114,-116,-130,-131,-115,-113,-113,-113,-113,-114,-159,-123,-112,-27,-27,-27,-27,-27,-27,0,-27,-27,-27,0,-27,-27,-27,0,-27,0,-27]} 1. d4 Nf6 2. c4 e6 3. Nc3 Bb4 4. Qc2 O-O 5. a3 Bxc3+ 6. Qxc3 d5 7. e3 {E36: Nimzo-Indian: Classical: 4...d5 5 a3} (7. Bg5 dxc4 8. Qxc4 b6 9. Rd1 Ba6 10. Qc2 Nbd7 11. e4 Bxf1 12. Kxf1 Qc8 13. Ne2 h6 14. Bxf6 Nxf6 15. f3 {½-½ (31) So,W (2780)-Nakamura,H (2777) Saint Louis 2018}) 7... b6 8. cxd5 exd5 9. f3 Re8 10. Bd3 Ba6 11. Bxa6 Nxa6 {[%cal Bb8a6,Ba6c7,Bc7b5][%mdl 32]} 12. Ne2 c5 13. b3 $146 ({Predecessor:} 13. O-O Qc8 14. Bd2 Qb7 15. b4 cxb4 16. axb4 {0-1 (38) Andersson,J-Rytshagov,M (2495) Vantaa 1996}) 13... Rc8 14. O-O Qd6 15. Re1 Nc7 16. Bb2 Qe7 17. Ng3 Nb5 18. Qd3 (18. Qc2 $14) 18... c4 $11 19. bxc4 dxc4 20. Qf5 a6 $1 {Strongly threatening ...c3.} 21. Re2 $1 g6 22. Qc2 c3 23. Bc1 Nh5 (23... Rc4 $15) 24. Qd3 (24. Nxh5 $16 {Black must now prevent Ng3.} Nxd4 25. exd4 (25. Nf6+ $2 Qxf6 26. exd4 Qxd4+ 27. Be3 Rxe3 $19) 25... Qxe2 26. Nf6+ Kh8 27. Qxe2 Rxe2 28. Bh6) 24... Nxg3 25. hxg3 Qc7 $36 {[%mdl 2048] White is under pressure.} 26. Kf2 Qc4 (26... c2 {is more complex.} 27. Ra2 Qc3 28. Qxc2 f5 29. d5 Kf7) 27. Qxc4 Rxc4 28. Rc2 Ra4 29. g4 (29. Rb1 $11) 29... f6 (29... f5 $15) 30. Rb1 Kf7 31. Rxb5 (31. Rb4 $11 {keeps the balance.} Rxb4 32. axb4) 31... axb5 $17 32. Rxc3 $11 {[%mdl 4096] Endgame KRR-KRB} Rc4 33. Bd2 Rxc3 34. Bxc3 $17 {KR-KB} Rc8 35. Bb4 Rc2+ 36. Kg3 Ke6 37. e4 {[#]} Re2 ({Black should play} 37... f5 $1 $17 {aiming for ...fxe4.} 38. gxf5+ gxf5) 38. d5+ $11 Kf7 39. Kh2 Re3 40. Kg1 Re2 41. Kf1 Rc2 42. Kg1 Re2 43. Kh2 Ke8 44. Kh3 Kf7 45. Kg3 Ke8 46. Kh2 {Accuracy: White = 53%, Black = 41%.} 1/2-1/2